Central Library OPAC University of Rajshahi

Economics of transportation / (Record no. 65)

MARC details
000 -LEADER
fixed length control field 01031nam a22002892a 4500
001 - CONTROL NUMBER
control field 65
003 - CONTROL NUMBER IDENTIFIER
rucl marc code BD-RjUL
005 - DATE AND TIME OF LATEST TRANSACTION
control field 20211208233114.0
008 - FIXED-LENGTH DATA ELEMENTS--GENERAL INFORMATION
fixed length control field 160723s1959 nyubo i 001 0 eng d
035 ## - SYSTEM CONTROL NUMBER
System control number (BD-RjUL)73
040 ## - CATALOGING SOURCE
Original cataloging agency DLC
Transcribing agency DAY
Modifying agency OCL
-- WSU
-- SER
-- EQO
-- BD-RjUL
Language of cataloging eng
041 ## - LANGUAGE CODE
Language code of text/sound track or separate title eng
082 ## - DEWEY DECIMAL CLASSIFICATION NUMBER
Classification number 380.59
Edition number 19
Author mark and year FAE 1959
100 1# - MAIN ENTRY--PERSONAL NAME
Personal name Fair, Marvin Luke,
Dates associated with a name 1897-1983.
9 (RLIN) 233
Fuller form of name Fair Marvin Luke,
245 10 - TITLE STATEMENT
Title Economics of transportation /
Statement of responsibility, etc. Marvin L. Fair and Ernest W. Williams, Jr
250 ## - EDITION STATEMENT
Edition statement 2nd Rev. ed.
260 ## - PUBLICATION, DISTRIBUTION, ETC. (IMPRINT)
Place of publication, distribution, etc. New York :
Name of publisher, distributor, etc. Harper,
Date of publication, distribution, etc. c 1959.
300 ## - PHYSICAL DESCRIPTION
Pagination 684 p. :
Illustrations ill. ;
Size 25 cm.
504 ## - BIBLIOGRAPHY, ETC. NOTE
Bibliography, etc Includes Indexes.
526 ## - STUDY PROGRAM INFORMATION NOTE
Requested Dept. Economics
650 #0 - SUBJECT ADDED ENTRY--TOPICAL TERM
Topical term or geographic name as entry element Transportation
Geographic subdivision United States
9 (RLIN) 185
Topical term or geographic name as entry element Economia De Sistemas De Transportes
9 (RLIN) 234
Topical term or geographic name as entry element Transportes (Aspectos Economicos)
9 (RLIN) 235
700 1# - ADDED ENTRY--PERSONAL NAME
Personal name Williams, Ernest William,
Dates associated with a name 1916-
856 ## - ELECTRONIC LOCATION AND ACCESS
Uniform Resource Identifier <a href="http://172.16.21.25:8010/cgi-bin/koha/cataloguing/addbiblio.pl?biblionumber=0&z3950=1&frameworkcode=&breedingid=1091">http://172.16.21.25:8010/cgi-bin/koha/cataloguing/addbiblio.pl?biblionumber=0&z3950=1&frameworkcode=&breedingid=1091</a>
Materials specified WorldCat
942 ## - ADDED ENTRY ELEMENTS (KOHA)
Source of classification or shelving scheme Dewey Decimal Classification
Koha item type Books
Holdings
Lost status Source of classification or shelving scheme Damaged status Not for loan Collection code Permanent Location Current Location Shelving location Date acquired Source of acquisition Cost, normal purchase price Total Checkouts Full call number Date last seen Copy number Koha item type
  Dewey Decimal Classification   Not For Loan Non-fiction Central Library, University of Rajshahi Central Library, University of Rajshahi   25/05/1968 Zeitlinger 88.00   380.59 FAE 1959 07/11/2013 C-1 Books
  Dewey Decimal Classification     Non-fiction Central Library, University of Rajshahi Central Library, University of Rajshahi   25/05/1968 Zeitlinger 88.00   380.59 FAE 1959 07/11/2013 C-3 Books
  Dewey Decimal Classification     Non-fiction Central Library, University of Rajshahi Central Library, University of Rajshahi   25/05/1968 Zeithiger 88.00   380.59 FAE 1959 07/11/2013 C-4 Books
  Dewey Decimal Classification     Non-fiction Central Library, University of Rajshahi Central Library, University of Rajshahi   25/05/1968 Zeithinger 88.00   380.59 FAE 1959 10/11/2016 C-5 Books